000
00321nam a2200109Ia 4500
008
200302s9999 xx 000 0 und d
100
_a
Pam Dnicolo and other
245
_a
Developing transferable skills Enhancing Your Research and employment potential
260
_b
Sage Publication Ltd.,
260
_c
2014
300
_a
164
999
_c
6255
_d
6255